<?xml version="1.0" encoding="UTF-8"?>
<record
    xmlns:xsi="http://www.w3.org/2001/XMLSchema-instance"
    xsi:schemaLocation="http://www.loc.gov/MARC21/slim http://www.loc.gov/standards/marcxml/schema/MARC21slim.xsd"
    xmlns="http://www.loc.gov/MARC21/slim">

  <leader>01162nam a22002655i 4500</leader>
  <controlfield tag="001">169169</controlfield>
  <controlfield tag="003">ES-MaACL</controlfield>
  <controlfield tag="005">20231204133451.0</controlfield>
  <controlfield tag="008">080821s2007    sp ad        |||| | spa d</controlfield>
  <datafield tag="020" ind1=" " ind2=" ">
    <subfield code="a">9788483800508</subfield>
  </datafield>
  <datafield tag="080" ind1=" " ind2=" ">
    <subfield code="a">061.236.6(460)"18"</subfield>
  </datafield>
  <datafield tag="111" ind1="2" ind2=" ">
    <subfield code="a">Symposium Internacional de Historia de la Masoner&#xED;a Espa&#xF1;ola (</subfield>
    <subfield code="n">11&#xBA;.</subfield>
    <subfield code="d">2006. </subfield>
    <subfield code="c">Logro&#xF1;o)</subfield>
    <subfield code="9">138242</subfield>
  </datafield>
  <datafield tag="245" ind1="1" ind2="3">
    <subfield code="a">La Masoner&#xED;a espa&#xF1;ola en la &#xE9;poca de Sagasta / </subfield>
    <subfield code="c">Symposium Internacional de Historia de la Masoner&#xED;a Espa&#xF1;ola, Logro&#xF1;o, del 6 al 8 de julio de 2006 ; J.A. Ferrer Benimeli, coordinador.</subfield>
  </datafield>
  <datafield tag="260" ind1=" " ind2=" ">
    <subfield code="a">[Zaragoza] : </subfield>
    <subfield code="b">Departamento de Educaci&#xF3;n, Cultura y Deporte, </subfield>
    <subfield code="c">2007.</subfield>
  </datafield>
  <datafield tag="300" ind1=" " ind2=" ">
    <subfield code="a">2 v. (XI, 1546 p.) : </subfield>
    <subfield code="b">il., gr&#xE1;f. ; </subfield>
    <subfield code="c">25 cm.</subfield>
  </datafield>
  <datafield tag="490" ind1="1" ind2=" ">
    <subfield code="a">Colecci&#xF3;n "Actas" ; </subfield>
    <subfield code="v">68-69</subfield>
  </datafield>
  <datafield tag="610" ind1="2" ind2="4">
    <subfield code="a">Masoner&#xED;a-</subfield>
    <subfield code="z">Espa&#xF1;a-</subfield>
    <subfield code="y">S.XIX.</subfield>
    <subfield code="9">5663</subfield>
  </datafield>
  <datafield tag="610" ind1="2" ind2="4">
    <subfield code="a">Masoner&#xED;a-</subfield>
    <subfield code="z">Espa&#xF1;a-</subfield>
    <subfield code="v">Historia-</subfield>
    <subfield code="v">Congresos y asambleas.</subfield>
    <subfield code="9">166361</subfield>
  </datafield>
  <datafield tag="700" ind1="1" ind2=" ">
    <subfield code="a">Ferrer Benimeli, Jos&#xE9; A.</subfield>
    <subfield code="9">50445</subfield>
  </datafield>
  <datafield tag="710" ind1="2" ind2=" ">
    <subfield code="a">Arag&#xF3;n. </subfield>
    <subfield code="b">Departamento de Educaci&#xF3;n, Cultura y Deporte.</subfield>
    <subfield code="9">1409</subfield>
  </datafield>
  <datafield tag="830" ind1="0" ind2=" ">
    <subfield code="a">Colecci&#xF3;n "Actas" ; </subfield>
    <subfield code="v">68-69</subfield>
    <subfield code="9">180391</subfield>
  </datafield>
  <datafield tag="852" ind1=" " ind2=" ">
    <subfield code="a">ES-MaACL</subfield>
    <subfield code="j">L-29612-13</subfield>
  </datafield>
  <datafield tag="942" ind1=" " ind2=" ">
    <subfield code="2">udc</subfield>
  </datafield>
  <datafield tag="999" ind1=" " ind2=" ">
    <subfield code="c">169169</subfield>
    <subfield code="d">169169</subfield>
  </datafield>
  <datafield tag="952" ind1=" " ind2=" ">
    <subfield code="0">0</subfield>
    <subfield code="1">0</subfield>
    <subfield code="4">0</subfield>
    <subfield code="7">0</subfield>
    <subfield code="a">ATENEOM</subfield>
    <subfield code="b">ATENEOM</subfield>
    <subfield code="c">DEPO2</subfield>
    <subfield code="d">2008-08-21</subfield>
    <subfield code="e">DON</subfield>
    <subfield code="l">0</subfield>
    <subfield code="o">L-29612-13</subfield>
    <subfield code="p">1177612</subfield>
    <subfield code="r">2023-02-23 00:00:00</subfield>
    <subfield code="w">2023-02-23</subfield>
    <subfield code="y">MONOGRAFIA</subfield>
  </datafield>
</record>
